| 000 | 00471nam a2200181Ia 4500 | ||
|---|---|---|---|
| 003 | IN-BaIIA | ||
| 008 | 211028s9999 xx 000 0 eng d | ||
| 040 | _cIIA Library | ||
| 080 |
_a533.5 _bREI |
||
| 100 |
_aReimann, Arnold L _93022 |
||
| 245 | 0 |
_aVacuum technique _cArnold L. Reimann |
|
| 260 |
_aLondon _bChapman and Hall _c1952 |
||
| 300 | _aix, 449p. | ||
| 650 | _aNASA thesaurus | ||
| 650 |
_aVacuum apparants _93023 |
||
| 650 |
_aVacuum pumps _93024 |
||
| 942 | _cBK | ||
| 999 |
_c1493 _d1493 |
||